000 00433 a2200169 4500
003 Nust
005 20170207153408.0
040 _cNust
082 _a823
100 _aEnid Blyton
245 _aThe mystery of the missing man
_cEnid Blyton
250 _a1st ed
260 _aGranada publishing Ltd
_bManchester
_c1958
300 _a139, p.;
_billus
_c18 cm
538 _aAlmirah No.58 Shelf No.5
650 _aThe mystery of the missing man
942 _2ddc
_cBK
999 _c185254
_d185254